Kavyalokathe Ashan/ (Record no. 182050)

000 -LEADER
fixed length control field 00471nam a2200169 4500
020 ## - INTERNATIONAL STANDARD BOOK NUMBER
ISBN 9789348164902
082 ## - DEWEY DECIMAL CLASSIFICATION NUMBER
Classification number M100 7
Item number MUR/K
100 ## - MAIN ENTRY--AUTHOR NAME
Personal name Muraleedharan Maloor
245 ## - TITLE STATEMENT
Title Kavyalokathe Ashan/
Statement of responsibility, etc by Muraleedharan Maloor
260 ## - PUBLICATION, DISTRIBUTION, ETC. (IMPRINT)
Place of publication Kottayam:
Name of publisher Sahithya Pravarthaka Co-operative Society,
Year of publication 2025.
300 ## - PHYSICAL DESCRIPTION
Number of Pages 120p.
650 ## - SUBJECT ADDED ENTRY--TOPICAL TERM
Topical Term Poetry Ashan Study
650 ## - SUBJECT ADDED ENTRY--TOPICAL TERM
Topical Term Poetry Malayalam Study
650 ## - SUBJECT ADDED ENTRY--TOPICAL TERM
Topical Term Literature Malayalam
650 ## - SUBJECT ADDED ENTRY--TOPICAL TERM
Topical Term Literature
942 ## - ADDED ENTRY ELEMENTS (KOHA)
Koha item type Book
Holdings
Withdrawn status Lost status Damaged status Not for loan Permanent Location Current Location Shelving location Date acquired Cost, normal purchase price Full call number Accession Number Price effective from Koha item type
        Sree Sankaracharya University of Sanskrit Sree Sankaracharya University of Sanskrit Stacks 04.06.2026 175.00 M100 7 MUR/K 109128 04.06.2026 Book